Catálogo
 En Linea

Fundamentos de la historia social dominicana / (Registro nro. 32120)

Detalles MARC
000 -CABECERA
campo de control de longitud fija 02313nam a2200301 a 4500
001 - NÚMERO DE CONTROL
campo de control 000032629
003 - IDENTIFICADOR DEL NÚMERO DE CONTROL
campo de control DO-SdBNP
005 - FECHA Y HORA DE LA ÚLTIMA TRANSACCIÓN
campo de control 20250618133408.0
008 - DATOS DE LONGITUD FIJA--INFORMACIÓN GENERAL
campo de control de longitud fija 090706s20uu dr a 000 0 spa d
040 ## - FUENTE DE LA CATALOGACIÓN
Centro catalogador/agencia de origen DO-SdBNP
Lengua de catalogación spa
Centro/agencia transcriptor BNPHU
082 ## - NÚMERO DE LA CLASIFICACIÓN DECIMAL DEWEY
Número de clasificación 972.93
Número de documento/Ítem D542f
100 1# - ENTRADA PRINCIPAL--NOMBRE DE PERSONA
Nombre de persona Díaz, Nelson Enríque,
Fechas asociadas al nombre 1950-
9 (RLIN) 9646
245 10 - MENCIÓN DE TÍTULO
Título Fundamentos de la historia social dominicana /
Mención de responsabilidad, etc. Nelson Enríquez Díaz, Silverio González.
260 ## - PUBLICACIÓN, DISTRIBUCIÓN, ETC.
Lugar de publicación, distribución, etc. Santo Domingo :
Nombre del editor, distribuidor, etc. [s.n.],
Fecha de publicación, distribución, etc. [200?].
300 ## - DESCRIPCIÓN FÍSICA
Extensión 464 p. : ;
Dimensiones 21 cm.
500 ## - NOTA GENERAL
Nota general Incluye ejercicios al final de los capítulos.
504 ## - NOTA DE BIBLIOGRAFÍA, ETC.
Nota de bibliografía, etc. Incluye referencias bibliográficas y notas al pie de las páginas.
505 0# - NOTA DE CONTENIDO CON FORMATO
Información miscelánea Prefacio --
Título La ciencia de la historia ;
-- Antecedentes y contactos europeos ;
-- La sociedad taína ;
-- Los sistemas de colonización en los siglos XV, XVI, XVII ;
-- Las dos colonias de la isla de Santo Domingo en el siglo XVIII ;
-- Surgimiento de la conciencia nacional: de la ocupación francesa a la crisis de la dominación política española (1804-1821) ;
-- Unificación política con Haití y separación (1822-1844) ;
-- Formación del Estado y proyectos de clases: Anexionismo y nacionalismo (1844-1861) ;
-- La Anexión a España y Guerra Resturadora ;
-- Crisis económica, reestructuración de la sociedad dominicana y el surgimiento de la industria azucarera dominicana ;
-- Bases de la estructuración del Estado oligarquíco. Dictadura de Ulises Heureaux. Desarrollo del capitalismo dependiente ;
-- Caudillismo, crisis política y expansión imperialista (1900-1916) ;
-- Primera Ocupación Militar Norteamericana y sus consecuencias ;
-- Tiranía de Trujillo y desarrollo del capitalista (1930-1961) ;
-- Segunda Ocupación Militar Norteamericana. Modelo de desarrollo capitalista dependiente (1961-1984) --
Información miscelánea Bibliografía.
650 #4 - PUNTO DE ACCESO ADICIONAL DE MATERIA--TÉRMINO DE MATERIA
Término de materia o nombre geográfico como elemento de entrada Ciencias sociales e historia
Subdivisión general Estudio y enseñanza
9 (RLIN) 38860
651 #4 - PUNTO DE ACCESO ADICIONAL DE MATERIA--NOMBRE GEOGRÁFICO
Nombre geográfico República Dominicana
Subdivisión general Historia
-- Estudio Y Enseñanza
9 (RLIN) 9647
651 #4 - PUNTO DE ACCESO ADICIONAL DE MATERIA--NOMBRE GEOGRÁFICO
Nombre geográfico Historia Social
9 (RLIN) 38859
651 #4 - PUNTO DE ACCESO ADICIONAL DE MATERIA--NOMBRE GEOGRÁFICO
Nombre geográfico República Dominicana
Subdivisión general Historia
Subdivisión cronológica 1809-1822
9 (RLIN) 577
651 #4 - PUNTO DE ACCESO ADICIONAL DE MATERIA--NOMBRE GEOGRÁFICO
Nombre geográfico República Dominicana
Subdivisión general Historia
Subdivisión cronológica Ocupación haitiana, 1822-1844
9 (RLIN) 7666
651 #0 - PUNTO DE ACCESO ADICIONAL DE MATERIA--NOMBRE GEOGRÁFICO
Nombre geográfico República Dominicana --
Subdivisión general Historia --
Subdivisión cronológica 1844-1930
9 (RLIN) 1009
700 1# - PUNTO DE ACCESO ADICIONAL--NOMBRE DE PERSONA
Nombre de persona González, Silverio,
Fechas asociadas al nombre 1957-
9 (RLIN) 9649
910 ## - DATOS DE OPCIÓN DEL USUARIO (OCLC)
Datos de opción del usuario Validado. Control de calidad BNPHU
942 ## - ELEMENTOS DE PUNTO DE ACCESO ADICIONAL (KOHA)
Fuente del sistema de clasificación o colocación Dewey Decimal Classification
Tipo de ítem Koha Libro
Existencias
Estado de retiro Estado de pérdida No para préstamo Código de colección Localización permanente Ubicación/localización actual Ubicación en estantería Fecha de adquisición Número de inventario Total de préstamos Signatura topográfica completa Código de barras Fecha visto por última vez Precio válido a partir de Tipo de ítem Koha
    Excluido de préstamo Patrimonio Dominicano Patrimonio Dominicano Patrimonio Dominicano Depósito 21.09.2011 LF1   972.93 D542f 32629-10 25.06.2020 25.06.2020 Libro y Folleto Colección Patrimonio Dominicano

Con tecnología Koha